000 01325cam a22003375a 4500
001 17777554
005 20150828093739.0
008 130614s2013 enka b 001 0 eng d
010 _a 2012277443
016 7 _a016171839
_2Uk
020 _a9780199601721 (pbk.)
020 _a0199601720 (pbk.)
035 _a(OCoLC)ocn809617056
040 _aBTCTA
_beng
_cBTCTA
_dUKMGB
_dBDX
_dYDXCP
_dCDX
_dYNK
_dITJCU
_dNYP
_dFOLLT
_dIHI
_dBWX
_dDLC
042 _alccopycat
050 0 0 _aBF441
_b.B35 2013
082 0 4 _a153.4/2
_223
100 1 _aBayne, Tim.
_919104
245 1 0 _aThought :
_ba very short introduction /
_cTim Bayne.
250 _a1st ed.
260 _aOxford :
_bOxford University Press,
_c2013.
300 _a126 p. :
_bill. ;
_c18 cm.
490 1 _aVery short introductions ;
_v343
504 _aInclude bibliographical reference (p. 111-121) and index.
505 0 _aWhat is thought? -- The mechanical mind -- The inner sanctum -- Brute thought -- "They don't think like we do" -- Thought gone wrong -- The ethics of thought -- The limits of thought.
650 0 _aThought and thinking.
_96272
830 0 _aVery short introductions ;
_v343.
_919105
906 _a0
_bibc
_ccopycat
_d2
_encip
_f20
_gy-gencatlg
942 _2lcc
_cMONOGRAPH
999 _c123165
_d123165